000 01084nam0a22002771 4500
001 rc\3918538
005 20130415110512.5
021 _aRU
_b[49-18729]
035 _a(NLR Aleph) 008024210
090 _a8780080
_c8780080
100 _a20130415d1949 |||y0rusy50 ca
101 0 _arus
102 _aRU
105 _aa z |||||
200 1 _aВведение и освоение севооборотов в колхозах Омской области
210 _a[Омск]
_cОмская обл. гос. изд-во
_d1949
_gТип. изд-ва "Омская правда"
215 _a136 с.
_cсхем.
_d20
300 _aПеред загл. авт.: Н.М. Добродеев и В.И. Иржичко
606 _aТравопольные севообороты
_yОмская область
_2psbo
700 1 _aДобродеев
_bН. М.
_gНиколай Михайлович
701 1 _aИржичко
_bВ. И.
_gВладимир Иванович
801 0 _aRU
_bNLR
_gpsbo
801 1 _aRU
_bELAR
_2rusmarc
852 _aNLR
_jС30 Г-3/79
942 _cBOOK
980 _aNB